00393 2200157 4500001002100000005001500021035002000036245003900056100001800095250000600113300002500119260004500144082001100189084001700200020001800217INLIS00000000000002320260406013923 a0010-04260000231 aBerbagi Itu Hebat /cLeguty Family0 aLeguty Family a1 a190 :bIlus ;c20 CM aTangerang Selatan :bLeguty Media,c2021 a898.23 a898.23 LEG b a9786239608262